书目信息 |
| 题名: |
欧叶妮·格朗台
|
|
| 作者: | 巴尔扎克, 著 ;王振孙 译 | |
| 分册: | ||
| 出版信息: | 上海 上海译文出版社 2006.08 |
|
| 页数: | 406页 | |
| 开本: | 20cm | |
| 丛书名: | 译文名著文库 | |
| 单 册: | ||
| 中图分类: | I565.44 | |
| 科图分类: | ||
| 主题词: | 长篇小说--chang pian xiao shuo--法国--近代--选集 | |
| 电子资源: | ||
| ISBN: | 7-5327-3992-9 | |
| 000 | 01050nam 2200253 450 | |
| 001 | 012006196462 | |
| 005 | 20061128100810.70 | |
| 010 | @a7-5327-3992-9@dCNY13.00 | |
| 100 | @a20061027d2006 km y0chiy0120 ea | |
| 101 | 1 | @achi@cfre |
| 102 | @aCN@b310000 | |
| 105 | @ay z 000ay | |
| 200 | 1 | @a欧叶妮·格朗台@Aou ye ni·ge lang tai@a高老头@Agao lao tou@f(法) 巴尔扎克 (Honore de Balzac) 著@F(fa)ba er zha ke(Honore de Balzac)zhu@g王振孙译@Gwang zhen sun yi |
| 210 | @a上海@c上海译文出版社@d2006.08 | |
| 215 | @a406页@d20cm | |
| 225 | 2 | @a译文名著文库@Ayi wen ming zhu wen ku@v021 |
| 330 | @a《欧叶妮·格朗台》生动再现了十九世纪法国的外省生活,塑造了形形色色的任务,特别是刻画了一个狡诈吝啬的爆发户形象格朗台老头,揭露了当时社会上人与人之间的金钱关系。 | |
| 410 | 0 | @12001 @a译文名著文库 |
| 606 | 0 | @a长篇小说@Achang pian xiao shuo@y法国@z近代@j选集 |
| 690 | @aI565.44@v4 | |
| 701 | 1 | @a巴尔扎克,@Aba er zha ke,@bH.@g(Balzac, Honorede)@4著 |
| 702 | 0 | @a王振孙@Awang zhen sun@4译 |
| 801 | 0 | @aCN@c20061128 |
| 905 | @a10447@dI565.44@eB029 | |
| 欧叶妮·格朗台;高老头/(法) 巴尔扎克 (Honore de Balzac) 著/王振孙译.-上海:上海译文出版社,2006.08 |
| 406页;20cm.-(译文名著文库;021) |
| ISBN 7-5327-3992-9:CNY13.00 |
| 《欧叶妮·格朗台》生动再现了十九世纪法国的外省生活,塑造了形形色色的任务,特别是刻画了一个狡诈吝啬的爆发户形象格朗台老头,揭露了当时社会上人与人之间的金钱关系。 |
| ● |
| 相关链接 |
|
|
|
正题名:欧叶妮·格朗台
索取号:I565.44/B029
 
预约/预借
| 序号 | 登录号 | 条形码 | 馆藏地/架位号 | 状态 | 备注 |
| 1 | 223950 | 202239504 | 文学库116/116文学库 23排2列1层/ [索取号:I565.44/B029] | 在馆 | |
| 2 | 223951 | 202239513 | 社科二线422/422社科库 29排4列2层/ [索取号:I565.44/B029] | 在馆 | |
| 3 | 223952 | 202239522 | 文学库116/116文学库 23排2列1层/ [索取号:I565.44/B029] | 在馆 |